000 00608 a2200181 4500
003 Nust
005 20230320113501.0
040 _cNust
082 _a624,FAB
100 _aFaber, Oscar
_942879
245 _aReinforced concrete simply explained /
_cOscar Faber,
250 _a3rd ed.
260 _aLondon
_boxford
_c1944
300 _a80 p.
505 _aPreliminary (Page-11), Compression Members and Pillars (Page-19), Beams and Slabs (Page-24), Shearing Resistance of Concrete Beams (Page-40), Design of Pillars (Page-54), Materials (Page-62).
650 _aConstruction
_930209
942 _2ddc
_cBK
999 _c194287
_d194287